| 000 -LEADER |
| fixed length control field |
01165nam a22002057a 4500 |
| 003 - CONTROL NUMBER IDENTIFIER |
| control field |
OSt |
| 005 - DATE AND TIME OF LATEST TRANSACTION |
| control field |
20180910092015.0 |
| 008 - FIXED-LENGTH DATA ELEMENTS--GENERAL INFORMATION |
| fixed length control field |
180220b xxu||||| |||| 00| 0 spa d |
| 020 ## - INTERNATIONAL STANDARD BOOK NUMBER |
| International Standard Book Number |
9502002210 |
| 040 ## - CATALOGING SOURCE |
| Transcribing agency |
PJ |
| 100 ## - ASIENTO PRINCIPAL - NOMBRE DE PERSONA |
| 9 (RLIN) |
131 |
| Personal name |
Loutayf Ranea, Roberto G. |
| 245 13 - MENCIÓN DE TÍTULO |
| Título propiamente dicho |
El recurso ordinario de apelación en el proceso civil : |
| Parte restante del título |
legislación, doctrina, jurisprudencia / |
| Mención de responsabilidad, etc |
Roberto G. Loutayf. |
| 260 ## - PUBLICATION, DISTRIBUTION, ETC. (IMPRINT) |
| Place of publication, distribution, etc |
Buenos Aires : |
| Date of publication, distribution, etc |
Astrea, |
| Name of publisher, distributor, etc |
1989. |
| 300 ## - DESCRIPCION FISICA |
| Extent |
2 v. |
| Dimensions |
23 cm. |
| Other physical details |
rústica |
| 505 ## - FORMATTED CONTENTS NOTE |
| Formatted contents note |
Contenido:<br/>v. 1: Sujetos y objeto de la apelación -- El agravio -- Resoluciones recurribles -- Criterios interpretativos -- Requisitos fiscales -- Atribuciones y límites del tribunal -- Renuncia -- Desistimiento -- Deserción del recurso -- Adhesión a la apelación.<br/>v. 2: Interposición -- Concesión -- Efectos -- Prueba -- Hechos nuevos -- Acuerdo y sentencia de segunda instancia -- Plazos -- Ejecutoriedad -- Queja por apelación denegada -- Caducidad de la segunda instancia -- Recurso de nulidad. |
| 650 #0 - ASIENTO SECUNDARIO DE MATERIA - TERMINO TEMATICO |
| 9 (RLIN) |
267 |
| Topical term or geographic name as entry element |
DERECHO PROCESAL |
| 650 #0 - ASIENTO SECUNDARIO DE MATERIA - TERMINO TEMATICO |
| 9 (RLIN) |
178 |
| Topical term or geographic name as entry element |
DERECHO CONSTITUCIONAL |
| 650 #0 - ASIENTO SECUNDARIO DE MATERIA - TERMINO TEMATICO |
| 9 (RLIN) |
2083 |
| Topical term or geographic name as entry element |
RECURSO DE APELACIÓN (PROCESAL) |
| 942 ## - ADDED ENTRY ELEMENTS (KOHA) |
| Source of classification or shelving scheme |
|
| Koha item type |
Libros |
| Item part |
LOU |